El diario de la Covadonga

Zapisane w:
Opis bibliograficzny
1. autor: Amunátegui, Miguel Luis (Autor)
Format: Książka
Język:hiszpański
Wydane: Santiago Guillermo E. Miranda, editor 1902
Wydanie:1a. ed
Seria:Biblioteca de Autores Chilenos, XI
Hasła przedmiotowe:
Etykiety: Dodaj etykietę
Nie ma etykietki, Dołącz pierwszą etykiete!

MARC

LEADER 00000nam a2200000 a 4500
001 UCJ7598
003 CL-VaPUC
008 070124e19020000CL |||||||||||||||||spa|d
082 0 4 |a 983  |b AMU  |2 21 
100 0 |a Amunátegui, Miguel Luis  |e author  |9 506140 
245 1 3 |a El diario de la Covadonga 
250 |a 1a. ed 
300 |a 52 p 
942 |c BK 
945 |d 20070124 00:00:00  |a rinostro 
260 |a Santiago  |b Guillermo E. Miranda, editor  |c 1902 
500 |a Se encuentra empastado junto a otras obras en un volumen rotulado Miscelánea A O-2, al final de las obras de Vicuña Mackenna 
600 0 7 |a FERY, LUIS  |2 CL-VaPUC  |9 516086 
600 0 7 |a COVADONGA  |2 CL-VaPUC  |9 509350 
600 0 7 |a PAREJA, JOSE MANUEL  |2 CL-VaPUC  |9 506847 
650 7 |a DIARIO  |2 CL-VaPUC  |9 441581 
650 7 |a BITACORA  |2 CL-VaPUC  |9 371736 
650 7 |a GUERRA CON ESPAÑA  |2 CL-VaPUC  |9 504456 
650 7 |a COMBATE DE PAPUDO  |2 CL-VaPUC  |9 516087 
583 |a last modification  |c 20070124 00:00:00  |k Rodrigo Vera 
490 0 |a Biblioteca de Autores Chilenos, XI 
999 |c 323645  |d 323643 
952 |0 0  |1 0  |4 0  |6 983_000000000000000_AMU_1902  |7 0  |8 X  |9 403413  |a FDOBUD  |b FDOBUD  |d 2019-11-22  |i 1066579  |o 983 AMU 1902  |p 1066579  |r 2019-11-22  |w 2019-11-22  |y BK_X  |k BUD